ბათუმის შოთა რუსთაველის სახელმწიფო უნივერსიტეტის ბიბლიოთეკა

Дипломатический церемониал и протокол. (ბიბ.ჩანაწერი № 44493)

000 -LEADER
fixed length control field 00851nam a2200253Ia 4500
001 - CONTROL NUMBER
control field 11291
003 - CONTROL NUMBER IDENTIFIER
control field GE_BSU
008 - FIXED-LENGTH DATA ELEMENTS--GENERAL INFORMATION
fixed length control field 181216s||||||||xx |||||||||||||| ||und||
020 ## - INTERNATIONAL STANDARD BOOK NUMBER
International Standard Book Number 9785713313944
040 ## - CATALOGING SOURCE
Transcribing agency GE_BSU
080 ## - UNIVERSAL DECIMAL CLASSIFICATION NUMBER
Universal Decimal Classification number 327
100 ## - MAIN ENTRY--PERSONAL NAME
Personal name Вуд,Дж; Ж.Серре.
245 ## - TITLE STATEMENT
Title Дипломатический церемониал и протокол.
245 ## - TITLE STATEMENT
Remainder of title Монография.
245 ## - TITLE STATEMENT
Statement of responsibility, etc. Пер.с Англ.Ю.П.Клюкина; В.В.Пастоева; Г.И.Фомина; Ред:Л.И.Гецелевич.
260 ## - PUBLICATION, DISTRIBUTION, ETC.
Place of publication, distribution, etc. Москва.
260 ## - PUBLICATION, DISTRIBUTION, ETC.
Name of publisher, distributor, etc. Международнье отношения.
260 ## - PUBLICATION, DISTRIBUTION, ETC.
Date of publication, distribution, etc. 2011.
300 ## - PHYSICAL DESCRIPTION
Extent 416стр;21см.
300 ## - PHYSICAL DESCRIPTION
Accompanying material Библиогрюстр:409-410
653 ## - INDEX TERM--UNCONTROLLED
Uncontrolled term Дипломатический церемониал и протокол.
942 ## - ADDED ENTRY ELEMENTS (KOHA)
Koha item type წიგნი

არაა ხელმისაწვდომი ეგზემპლარები.